Nhập môn giáo dục công dân

সংরক্ষণ করুন:
গ্রন্থ-পঞ্জীর বিবরন
প্রধান লেখক: Hà, Nhật Thăng
বিন্যাস: গ্রন্থ
ভাষা:Undetermined
প্রকাশিত: Hà Nội Đại học Sư phạm 2004
বিষয়গুলি:
ট্যাগগুলো: ট্যাগ যুক্ত করুন
কোনো ট্যাগ নেই, প্রথমজন হিসাবে ট্যাগ করুন!
Thư viện lưu trữ: Trung tâm Học liệu Trường Đại học Cần Thơ
LEADER 00570nam a2200193Ia 4500
001 CTU_98352
008 210402s9999 xx 000 0 und d
020 |c 10000 
082 |a 370.115 
082 |b Th116 
100 |a Hà, Nhật Thăng 
245 0 |a Nhập môn giáo dục công dân 
245 0 |c Hà Nhật Thăng 
260 |a Hà Nội 
260 |b Đại học Sư phạm 
260 |c 2004 
650 |a Moral education (Secondary),Educational accountability 
904 |i Năm 
980 |a Trung tâm Học liệu Trường Đại học Cần Thơ